Ligue 2, clubs de la saison 2020-2021. - Statistiques

Statistiques générales
  • Ce quiz a été pris 173 fois
    129 depuis la dernière actualisation
  • Le résultat moyen est 12 sur 20
Statistiques - réponses
Classement saison 2020 Club % Correct
17e Paris FC
77%
3e AC Ajaccio
72%
20e Ligue 1 Toulouse FC
72%
8e EA Guingamp
71%
5e Clermont Foot 63
69%
4e ES Troyes AC
68%
13e SM Caen
67%
11e Aj Auxerre
67%
6e Le Havre AC
66%
19e Ligue 1 Amiens SC
62%
12e AS Nancy Lorraine
62%
9e Grenoble Foot 38
60%
1er National 1 Pau FC
60%
16e Rodez AF
57%
7e Valenciennes FC
57%
14e FC Sochaux-Montbéliard
55%
2e National 1 USL Dunkerque
48%
18e Chamois niortais FC
45%
15e LB Châteauroux
37%
10e FC Chambly Oise
20%
Aucun quiz correspondant
Distribution des résultats
% des personnes avec chaque résultat
Percentile par nombre de réponses
Votre historique - résultats
Vous n’avez pas pris ce quiz depuis la dernière actualisation